Jeppy in Disguise #2 - Statistics

General Stats
  • This quiz has been taken 48,827 times
  • The average score is 12 of 15
Answer Stats
Picture Answer % Correct
Batman
98%
Harry Potter
94%
Thor
94%
Robin Hood
93%
Snow White
93%
Statue of Liberty
93%
Sherlock Holmes
91%
Woody
85%
Popeye
82%
Princess Leia
82%
Fred Flintstone
81%
Freddy Krueger
69%
Gandhi
68%
Mozart
68%
He-Man
47%
No matching quizzes found
Score Distribution
Percent of People with Each Score
Percentile by Number Answered
Your Score History
You have not taken this quiz